| 000 | 01112nam a22003257a 4500 | ||
|---|---|---|---|
| 003 | CHAP | ||
| 005 | 20220329134216.0 | ||
| 008 | 971013s1979 r 00010 d | ||
| 010 | _a16982 | ||
| 011 | _a17954 | ||
| 035 | _a22038 | ||
| 040 | _cCHAP | ||
| 082 |
_a632 _bJ3 1979 |
||
| 100 | 0 | 0 |
_aJauch, Cleotilde. _961237 |
| 245 | _aPatología vegetal | ||
| 250 | _a2 ed. | ||
| 260 |
_aBuenos Aires : _bAteneo, _c1979 |
||
| 300 |
_a280 p. _b: láms. : ilus. ; gráfs |
||
| 590 |
_aBATCH-UPD _b10 _c20130110 _lUCH01 _h2008 |
||
| 590 |
_aBATCH-UPD _b10 _c20130410 _lUCH01 _h1328 |
||
| 590 |
_aBATCH-UPD _b10 _c20130914 _lUCH01 _h1413 |
||
| 590 |
_aCONVERSION _b10 _c20130109 _lUCH01 _h1311 |
||
| 650 | 1 | 4 |
_aFitopatología. _941161 |
| 901 | _aBK | ||
| 942 | _cLIBRO | ||
| 949 |
_a632 J3 1979 _bBC _cLIBRO _d-51288 _eLIBRO _h50571 _i22038 _si _t360.00 |
||
| 949 |
_a632 J3 1979 _bBC _cLIBRO _d33724000091393 _eLIBRO _fc.3 _h53708 _i22038 _si _t360.00 |
||
| 949 |
_a632 J3 1979 _bBC _cLIBRO _d33724000174512 _eLIBRO _fc.2 _h53707 _i22038 _si _t360.00 |
||
| 949 |
_a632 J3 1979 _bBC _cLIBRO _d33724000174520 _eLIBRO _fc.4 _h53709 _i22038 _si _t360.00 |
||
| 999 |
_c16982 _d16982 |
||